000 00548nmm a2200169Ia 4500
008 251105s9999||||xx |||||||||||||||||und||
020 _a9788437066943
041 _aeng
100 _aHobson, Fred
245 2 _aA Southern Enigma :
_b Essays on teh U.S. South
264 _a[Madrid, España] :
_bPublicaciones de la Universidad de Valencia (PUV),
_c2008
300 _a224 páginas
490 _aBiblioteca Javier Coy d'estudis nord-americans
650 _aAnthropology
856 _uhttps://public.digitaliapublishing.com/a/35065
942 _cCF
999 _c82378
_d82378